La tierra prometida (Record no. 114344)

MARC details
000 -LEADER
campo de control de longitud fija 00634nam a2200193 i 4500
001 - NÚMERO DE CONTROL
campo de control 114344
003 - IDENTIFICADOR DE NÚMERO DE CONTROL
campo de control ES-MaACL
005 - FECHA Y HORA DE LA ÚLTIMA TRANSACCIÓN
campo de control 20230906190132.0
007 - CAMPO FIJO DE DESCRIPCIÓN FÍSICA--INFORMACIÓN GENERAL
campo de control de longitud fija t|
008 - DATOS DE LONGITUD FIJA--INFORMACIÓN GENERAL
campo de control de longitud fija 061121q19101920sp r ||||1| spa d
100 1# - ENTRADA PRINCIPAL--NOMBRE DE PERSONA
Nombre de persona Pamplona Escudero, Rafael.
9 (RLIN) 88735
245 13 - MENCIÓN DEL TÍTULO
Título La tierra prometida
Resto del título : novela original /
Mención de responsabilidad, etc. de Rafael Pamplona Escudero.
260 ## - PUBLICACIÓN, DISTRIBUCIÓN, ETC.
Lugar de publicación, distribución, etc. Madrid :
Nombre del editor, distribuidor, etc. Biblioteca Patria,
Fecha de publicación, distribución, etc. [s.a: 1900-1920?]
300 ## - DESCRIPCIÓN FÍSICA
Extensión 125 p. :
Otras características físicas il ;
Dimensiones 17 cm.
490 1# - MENCIÓN DE SERIE
Mención de serie Biblioteca "Patria" de obras premiadas ;
Designación de volumen o secuencia 23
830 0# - PUNTO DE ACCESO ADICIONAL DE SERIE-TÍTULO UNIFORME
Título uniforme Biblioteca "Patria" de obras premiadas ;
Designación de volumen o secuencia 23
9 (RLIN) 184512
852 ## - LOCALIZACIÓN
Ubicación ES-MaACL
Número de control de estantería D-2461
Holdings
Estatus retirado Estado de pérdida Estado de daño No para préstamo Colección Biblioteca de origen Biblioteca actual Ubicación en estantería Fecha de adquisición Fuente de adquisición Total de préstamos Signatura topográfica completa Código de barras Visto por última vez Precio de reemplazo Tipo de ítem Koha
        Libros del s. XIX Biblioteca del Ateneo de Madrid Biblioteca del Ateneo de Madrid Sala Valle Inclán 17/01/2008     D-2461 901119247 23/02/2023 23/02/2023 Libro impreso antiguo